000
00280nam a22001217a 4500
008
180803b xxu||||| |||| 00| 0 eng d
082
_a
813.52
245
_a
Where Poems Come From
_c
Amichai,Y
260
_c
1991
300
_a
1
_f
Cassette
440
_x
1573940402
942
_2
ddc
_c
MX
999
_c
46750
_d
46750